Chance Liga Teams 2025/26 - Statistics

General Stats
  • This quiz has been taken 28 times
  • The average score is 13 of 16
Answer Stats
Answer % Correct
AC Sparta Prague
100%
SK Slavia Prague
100%
FC Viktoria Plzen
91%
FK Dukla Prague
86%
FC Banik Ostrava
82%
FC Hradec Kralove
82%
FK Jablonec
82%
FK Pardubice
82%
SK Sigma Olomouc
82%
Bohemians Prague 1905
77%
FC Slovan Liberec
77%
FK Mlada Boleslav
77%
MFK Karvina
77%
1.FC Slovacko
73%
FC Zlin
73%
FK Teplice
59%
No matching quizzes found
Score Distribution
Percent of People with Each Score
Percentile by Number Answered
Your Score History
You have not taken this quiz